[Event "Scarborough CC Falling Leaves"]
[Site "Toronto"]
[Date "2018.11.22"]
[Round "4.4"]
[White "Huang, Youhe"]
[Black "Tavana, Joseph"]
[Result "1-0"]
[WhiteElo "1959"]
[BlackElo "1718"]
[PlyCount "99"]
[EventDate "2018.11.01"]
[EventType "swiss"]
[EventRounds "7"]
[EventCountry "CAN"]
[SourceTitle "EXT 2022"]
[Source "ChessBase"]
[SourceDate "2021.10.06"]
[SourceVersion "1"]
[SourceVersionDate "2021.10.06"]
[SourceQuality "1"]

1. e4 c5 2. d4 cxd4 3. c3 d3 4. Bxd3 Nc6 5. Bc2 g6 6. f4 d6 7. Nf3 Bg7 8. 0-0 Bg4 9. Qe1 Bxf3 10. Rxf3 Qb6+ 11. Qf2 Nd4 12. cxd4 Bxd4 13. Ba4+ Kf8 14. Be3 Bxe3 15. Rxe3 Nf6 16. Re2 Qb4 17. Nc3 e6 18. Rd1 h5 19. Qd4 Qc5 20. b4 Qxd4+ 21. Rxd4 Rc8 22. Nb5 a6 23. Nxd6 Rc1+ 24. Rd1 Rc7 25. Rc2 Rxc2 26. Bxc2 b5 27. Nb7 Ke7 28. Nc5 Rc8 29. Bb3 a5 30. e5 Ng4 31. a3 axb4 32. axb4 Ne3 33. Rd3 Nf5 34. Rd7+ Ke8 35. Rb7 Nd4 36. Bd1 Ra8 37. Rd7 Nc6 38. Bf3 Ra1+ 39. Rd1 Rxd1+ 40. Bxd1 Nxb4 41. Be2 Nd5 42. Bxb5+ Ke7 43. g3 h4 44. Nd3 hxg3 45. hxg3 f6 46. Bc4 Nc7 47. Kf2 g5 48. fxg5 fxg5 49. Kf3 Kf7 50. Kg4 1-0

[Event "Scarborough CC Falling Leaves"]
[Site "Toronto"]
[Date "2018.11.15"]
[Round "3.4"]
[White "Laughlin, Steve"]
[Black "Tavana, Joseph"]
[Result "0-1"]
[WhiteElo "1969"]
[BlackElo "1718"]
[PlyCount "66"]
[EventDate "2018.11.01"]
[EventType "swiss"]
[EventRounds "7"]
[EventCountry "CAN"]
[SourceTitle "EXT 2022"]
[Source "ChessBase"]
[SourceDate "2021.10.06"]
[SourceVersion "1"]
[SourceVersionDate "2021.10.06"]
[SourceQuality "1"]

1. d4 d5 2. c4 e6 3. e3 f5 4. Bd3 Nf6 5. Nc3 c6 6. Nge2 Bd6 7. Bd2 0-0 8. Qb3 b6 9. 0-0-0 Bb7 10. f3 Kh8 11. e4 fxe4 12. fxe4 Ng4 13. e5 Be7 14. Rhf1 Nf2 15. Bc2 Nxd1 16. Rxf8+ Qxf8 17. Nxd1 Qf7 18. Qh3 g5 19. Ne3 Nd7 20. Ng3 Nf8 21. Ng4 dxc4 22. Ne4 Qf1+ 23. Bd1 Nd7 24. Bxg5 Bxg5+ 25. Nxg5 Qf4+ 26. Qe3 Qxe3+ 27. Nxe3 c5 28. Nxe6 cxd4 29. Nxd4 Nxe5 30. g3 Rd8 31. Ndf5 Be4 32. g4 Nd3+ 33. Kc2 Nf2+ 0-1